[Event "32nd ECC Open 2016"]
[Site "Novi Sad SRB"]
[Date "2016.11.06"]
[Round "1.8"]
[Board "6"]
[White "Mydlarik, Martin"]
[Black "Popov, Ivan RUS"]
[Result "0-1"]
[BlackTitle "GM"]
[WhiteElo "2084"]
[BlackElo "2596"]
[WhiteTeam "SK Modra"]
[BlackTeam "SHSM Legacy Square Moscow"]
[WhiteFideId "14904829"]
[BlackFideId "4170350"]
[EventDate "2016.11.06"]

1. d4 Nf6 2. Nf3 c5 3. e3 g6 4. Bd3 Bg7 5. O-O d5 6. b3 O-O 7. Ba3 cxd4 8. exd4
Nc6 9. Re1 Bg4 10. Nbd2 Re8 11. h3 Bf5 12. Nf1 Rc8 13. Bxf5 gxf5 14. Ng3 e6 15.
Ne5 Nxe5 16. dxe5 Ne4 17. Nxe4 fxe4 18. Qg4 Rxc2 19. Re3 f5 20. exf6 Qxf6 21.
Rf1 Rxa2 22. Bb4 Kh8 23. Rg3 Rg8 24. Qh5 Ra1 25. Bd2 Rxf1+ 26. Kxf1 Rf8 27. Be1
Bh6 28. Rg4 Bd2 29. Rh4 Rf7 0-1

[Event "32nd ECC Open 2016"]
[Site "Novi Sad SRB"]
[Date "2016.11.06"]
[Round "1.9"]
[Board "1"]
[White "Frischmann, Rick"]
[Black "Mamedov, Rauf"]
[Result "0-1"]
[BlackTitle "GM"]
[WhiteElo "2312"]
[BlackElo "2684"]
[WhiteTeam "The Smashing Pawns Bieles"]
[BlackTeam "Odlar Yurdu"]
[WhiteFideId "24660752"]
[BlackFideId "13401653"]
[EventDate "2016.11.06"]

1. e4 g6 2. d4 Bg7 3. Nc3 a6 4. f4 d6 5. Nf3 Nf6 6. e5 dxe5 7. fxe5 Nd5 8. Bc4
c6 9. O-O O-O 10. Bb3 a5 11. a4 Bf5 12. Qe2 Na6 13. Ng5 h6 14. Nge4 Qb6 15. Qf2
Rad8 16. Nxd5 cxd5 17. Ng3 Be6 18. Be3 f6 19. Qd2 Kh7 20. Ne2 fxe5 21. dxe5 Qc7
22. Rxf8 Rxf8 23. Nd4 Bg8 24. e6 Qe5 25. Re1 Nc5 26. Nf3 Nxb3 27. cxb3 Qd6 28.
Bd4 Qf4 29. Be3 Qd6 30. Bd4 Bxd4+ 31. Nxd4 Qf4 32. Qxf4 Rxf4 33. Nb5 Kg7 34. Nc3
Rd4 35. Nb5 Rd2 36. Nc7 g5 37. Rf1 d4 38. Re1 Rxb2 39. Rd1 Kf6 40. Rxd4 Bxe6 0-1

[Event "32nd ECC Open 2016"]
[Site "Novi Sad SRB"]
[Date "2016.11.06"]
[Round "1.9"]
[Board "3"]
[White "Wild, Achim"]
[Black "Guseinov, Gadir"]
[Result "0-1"]
[BlackTitle "GM"]
[WhiteElo "2230"]
[BlackElo "2629"]
[WhiteTeam "The Smashing Pawns Bieles"]
[BlackTeam "Odlar Yurdu"]
[WhiteFideId "4658728"]
[BlackFideId "13401378"]
[EventDate "2016.11.06"]

1. Nf3 g6 2. d4 Bg7 3. c4 d6 4. g3 Nd7 5. Bg2 e5 6. Nc3 Ne7 7. O-O O-O 8. e4
exd4 9. Nxd4 Nc6 10. Nde2 a5 11. Be3 Nc5 12. f4 Be6 13. Nd5 Bxb2 14. Rb1 Bg7 15.
Bxc5 dxc5 16. Rxb7 a4 17. f5 Bxd5 18. exd5 Na5 19. Rb1 a3 20. Qd3 Nc6 21. f6 Ne5
22. Qe3 Bxf6 23. Qxc5 Ra4 24. Qf2 Be7 25. Qd4 Qd6 26. Rfc1 Bf6 27. Qf4 Nd3 28.
Qxd6 cxd6 29. Rc2 Re8 30. Bf1 Rb4 31. Rd1 Rb2 32. Rcd2 Nb4 33. Nc1 Bg5 34. Rxb2
axb2 35. Nd3 Bc1 0-1

[Event "32nd ECC Open 2016"]
[Site "Novi Sad SRB"]
[Date "2016.11.06"]
[Round "1.9"]
[Board "4"]
[White "Naiditsch, Arkadij"]
[Black "Jeitz, Christian"]
[Result "1-0"]
[WhiteTitle "GM"]
[WhiteElo "2686"]
[BlackElo "2173"]
[WhiteTeam "Odlar Yurdu"]
[BlackTeam "The Smashing Pawns Bieles"]
[WhiteFideId "4650891"]
[BlackFideId "4000803"]
[EventDate "2016.11.06"]

1. e4 c5 2. Nf3 Nc6 3. Bb5 g6 4. Bxc6 bxc6 5. O-O Bg7 6. Re1 e5 7. c3 Ne7 8. d4
cxd4 9. cxd4 exd4 10. Nxd4 O-O 11. Nc3 Rb8 12. e5 c5 13. Nf3 Bb7 14. Be3 Bxf3
15. Qxf3 Bxe5 16. Bxc5 d6 17. Rad1 Qc7 18. Rxe5 dxc5 19. Qf6 Nc8 20. Nd5 Qa5 21.
Qh4 Kg7 22. Nf6 Qa6 23. Ne8+ Kh8 24. Qh6 Rg8 25. Re3 Rb7 26. Qxh7+ 1-0

[Event "32nd ECC Open 2016"]
[Site "Novi Sad SRB"]
[Date "2016.11.06"]
[Round "1.9"]
[Board "5"]
[White "Linster, Philippe"]
[Black "Safarli, Eltaj"]
[Result "0-1"]
[BlackTitle "GM"]
[WhiteElo "2229"]
[BlackElo "2694"]
[WhiteTeam "The Smashing Pawns Bieles"]
[BlackTeam "Odlar Yurdu"]
[WhiteFideId "4001206"]
[BlackFideId "13402129"]
[EventDate "2016.11.06"]

1. c4 c5 2. g3 g6 3. Bg2 Bg7 4. Nc3 Nc6 5. Nf3 d6 6. O-O e6 7. a3 Nge7 8. b4 O-O
9. Rb1 b6 10. Qc2 Bb7 11. d3 Qd7 12. Bd2 Rac8 13. e3 Nf5 14. b5 Ne5 15. Nxe5
Bxe5 16. Bxb7 Qxb7 17. Ne2 Qf3 18. Bc3 h5 19. Bxe5 dxe5 20. Nc3 Rcd8 21. Qd1 Qb7
22. Qe2 Rd7 23. h4 Rfd8 24. Rfd1 Nd6 25. e4 Ne8 26. Na4 Qc7 27. Nb2 f5 28. Re1
f4 29. Kh2 Rf7 30. f3 Qe7 31. Rh1 Ng7 32. Rbf1 fxg3+ 33. Kxg3 Rdf8 34. Rh3 Rf4
35. Nd1 g5 36. hxg5 h4+ 37. Kh2 Nh5 38. Rg1 Qf7 39. g6 Qf6 40. g7 Rf7 41. Ne3
Ng3 42. Rgxg3 hxg3+ 43. Rxg3 Rxf3 0-1

[Event "32nd ECC Open 2016"]
[Site "Novi Sad SRB"]
[Date "2016.11.06"]
[Round "1.9"]
[Board "6"]
[White "Abasov, Nijat"]
[Black "Jacques, Robert"]
[Result "1-0"]
[WhiteTitle "GM"]
[WhiteElo "2565"]
[BlackElo "2129"]
[WhiteTeam "Odlar Yurdu"]
[BlackTeam "The Smashing Pawns Bieles"]
[WhiteFideId "13402960"]
[BlackFideId "603643"]
[EventDate "2016.11.06"]

1. Nf3 Nf6 2. g3 b5 3. Bg2 Bb7 4. Na3 a6 5. c4 g6 6. cxb5 Bg7 7. O-O O-O 8. d4
d6 9. b3 axb5 10. Nxb5 c5 11. Bb2 Ne4 12. a4 Nd7 13. Ng5 d5 14. Nxe4 dxe4 15.
Rc1 Bc6 16. Qc2 Bxb5 17. axb5 Ra2 18. Qb1 Qa8 19. Rfd1 f5 20. e3 cxd4 21. Bxd4
Ne5 22. Rc7 Nf3+ 23. Bxf3 Bxd4 24. exd4 exf3 25. Rxe7 f4 26. Qd3 Qd8 27. Qc4+
Kh8 28. Qc5 Rf5 29. d5 Re2 30. Qd4+ 1-0

[Event "32nd ECC Open 2016"]
[Site "Novi Sad SRB"]
[Date "2016.11.06"]
[Round "1.10"]
[Board "1"]
[White "Sjugirov, Sanan"]
[Black "Karttunen, Mika"]
[Result "1/2-1/2"]
[WhiteTitle "GM"]
[BlackTitle "IM"]
[WhiteElo "2664"]
[BlackElo "2452"]
[WhiteTeam "Zhiguli"]
[BlackTeam "Tammer-Shakki"]
[WhiteFideId "4189302"]
[BlackFideId "502081"]
[EventDate "2016.11.06"]

1. d4 Nf6 2. c4 c5 3. d5 b5 4. cxb5 a6 5. e3 e6 6. Nc3 exd5 7. Nxd5 Bb7 8. Nxf6+
Qxf6 9. Nf3 Be7 10. Be2 axb5 11. Bxb5 O-O 12. O-O Rd8 13. Bd3 Nc6 14. e4 h6 15.
Re1 Nb4 16. Bb1 Qe6 17. a3 d6 18. Bd2 Bf6 19. Bc3 Bxc3 20. bxc3 Nc6 21. Ba2 Qf6
22. Bd5 Na5 23. Bxb7 Nxb7 24. Rb1 Na5 25. Qd3 Qe6 26. Nd2 Nc6 27. Ra1 Ne5 28.
Qe2 c4 29. a4 Nd3 30. Reb1 d5 31. a5 d4 32. cxd4 Rxd4 33. Qe3 Rd6 34. Ra3 Ne5
35. h3 Qd7 36. Nf1 Rd3 37. Rxd3 Qxd3 38. Qxd3 Nxd3 39. Ra1 c3 40. Ne3 Nb4 41.
Kf1 c2 42. a6 g6 43. a7 Kg7 44. f3 h5 45. h4 Kh6 46. Ke2 c1=Q 47. Rxc1 Rxa7 48.
Rd1 Ra2+ 49. Rd2 Ra1 50. Rd7 Ra2+ 51. Kf1 Kg7 52. Kg1 Re2 53. Nc4 Kf6 54. Kh2
Ke6 55. Rd6+ Ke7 56. Rd2 Rxd2 57. Nxd2 f5 58. Kg1 Nd3 59. Kf1 Kf6 60. Ke2 Nf4+
61. Kf2 fxe4 62. Nxe4+ Kf5 63. g3 Nd3+ 64. Ke3 Ne5 65. Nd6+ Ke6 66. Nb5 Kf5 67.
Nd4+ Kf6 68. Ke4 Nf7 69. Nb5 Ke6 70. Kf4 Kf6 71. Nc3 Kg7 72. Ne4 Nd8 73. Ke5
Nc6+ 74. Kd5 Ne7+ 75. Ke6 Nf5 76. Ke5 Ne3 77. Nd6 Nf1 78. Kf4 Nd2 79. Ke3 Nb3
80. Ne4 Na5 81. Kd4 Nc6+ 82. Kd5 Ne7+ 83. Ke6 Nf5 84. f4 Nd4+ 85. Kd5 Nf5 86.
Ke5 Ne3 87. Nd6 Nf1 88. f5 gxf5 89. Nxf5+ Kg6 90. Kf4 Kf6 91. Nd6 Kg6 92. Nc4
Kf6 93. Kf3 Nh2+ 94. Ke4 Ng4 95. Nb6 Nf2+ 96. Kf3 Nd3 97. Nd5+ Kf5 98. Nf4 Ne5+
99. Kg2 Kg4 100. Nd5 Kf5 101. Nf4 Kg4 102. Nd5 Kf5 103. Nf4 Kg4 104. Nd5 1/2-1/2

[Event "32nd ECC Open 2016"]
[Site "Novi Sad SRB"]
[Date "2016.11.06"]
[Round "1.10"]
[Board "2"]
[White "Pohjala, Henri"]
[Black "Oparin, Grigoriy"]
[Result "1/2-1/2"]
[WhiteTitle "FM"]
[BlackTitle "GM"]
[WhiteElo "2377"]
[BlackElo "2621"]
[WhiteTeam "Tammer-Shakki"]
[BlackTeam "Zhiguli"]
[WhiteFideId "506478"]
[BlackFideId "24125890"]
[EventDate "2016.11.06"]

1. d4 Nf6 2. Nf3 e6 3. e3 b6 4. c4 Bb7 5. Nc3 Bb4 6. Qb3 Ba5 7. Be2 Ne4 8. O-O
Bxc3 9. bxc3 Nc6 10. c5 Na5 11. Qb4 O-O 12. Ne1 f5 13. f3 Nf6 14. c4 Ba6 15. Bd2
d5 16. cxd6 cxd6 17. Qa4 Rc8 18. Bxa5 bxa5 19. Bd3 Nd7 20. Rc1 Nb6 21. Qb3 a4
22. Qb4 Rf7 23. Rf2 Rfc7 24. Rfc2 Qd7 25. c5 dxc5 26. Rxc5 Rxc5 27. Rxc5 Rxc5
28. Qxc5 Bb7 29. e4 g6 30. a3 Kf7 31. Nc2 Qe7 32. Qxe7+ Kxe7 33. Kf2 Kd6 34. Ke3
fxe4 35. fxe4 e5 36. dxe5+ Kxe5 37. Nd4 Bxe4 38. Bxe4 Nc4+ 39. Kd3 Nb2+ 40. Kc3
Nd1+ 41. Kd3 Nb2+ 42. Kc3 Nd1+ 1/2-1/2

[Event "32nd ECC Open 2016"]
[Site "Novi Sad SRB"]
[Date "2016.11.06"]
[Round "1.10"]
[Board "3"]
[White "Predke, Alexandr"]
[Black "Ahvenjarvi, Jani"]
[Result "1-0"]
[WhiteTitle "GM"]
[BlackTitle "FM"]
[WhiteElo "2579"]
[BlackElo "2333"]
[WhiteTeam "Zhiguli"]
[BlackTeam "Tammer-Shakki"]
[WhiteFideId "24107581"]
[BlackFideId "507571"]
[EventDate "2016.11.06"]

1. e4 e5 2. Nf3 Nc6 3. Bb5 a6 4. Ba4 Nf6 5. O-O Be7 6. Re1 b5 7. Bb3 d6 8. c3
O-O 9. a4 Bg4 10. h3 Bxf3 11. Qxf3 Na5 12. Bc2 c5 13. d3 Re8 14. Nd2 Nd7 15.
axb5 axb5 16. Nf1 Bg5 17. Bxg5 Qxg5 18. Ra2 Nb6 19. Rea1 Nc6 20. Bb3 Qe7 21. Ne3
Rxa2 22. Rxa2 Qd7 23. Ra6 Rb8 24. Nf5 Nd8 25. Qg4 Ne6 26. Nxg7 Nxg7 27. Rxb6 Qc7
28. Rxb8+ Qxb8 29. Qd7 Ne6 30. Bxe6 fxe6 31. h4 b4 32. h5 bxc3 33. Qxe6+ 1-0

[Event "32nd ECC Open 2016"]
[Site "Novi Sad SRB"]
[Date "2016.11.06"]
[Round "1.10"]
[Board "4"]
[White "Torkkola, Henri"]
[Black "Frolyanov, Dmitry"]
[Result "0-1"]
[BlackTitle "GM"]
[WhiteElo "2223"]
[BlackElo "2539"]
[WhiteTeam "Tammer-Shakki"]
[BlackTeam "Zhiguli"]
[WhiteFideId "507660"]
[BlackFideId "4151976"]
[EventDate "2016.11.06"]

1. d4 Nf6 2. Bf4 d5 3. e3 e6 4. Nd2 c5 5. c3 Nc6 6. Ngf3 Bd6 7. Bg3 O-O 8. Bd3
b6 9. Qe2 Bb7 10. Rd1 Re8 11. e4 Be7 12. e5 Nh5 13. Nf1 cxd4 14. Nxd4 g6 15. Ne3
Nxg3 16. hxg3 Nxe5 17. Bb5 Rf8 18. Nxd5 exd5 19. Nf5 Bf6 20. Qe3 gxf5 21. Qh6
Re8 22. Qxh7+ Kf8 23. Kd2 Ng6 24. Bxe8 Qxe8 25. Rde1 Qb5 26. Kc1 d4 27. Qh6+ Bg7
28. Qg5 dxc3 29. b3 Qc5 30. Rh7 Qxf2 31. Reh1 Qb2+ 0-1

[Event "32nd ECC Open 2016"]
[Site "Novi Sad SRB"]
[Date "2016.11.06"]
[Round "1.10"]
[Board "5"]
[White "Geller, Jakov"]
[Black "Nieminen, Samuli"]
[Result "1-0"]
[WhiteTitle "GM"]
[WhiteElo "2488"]
[BlackElo "2161"]
[WhiteTeam "Zhiguli"]
[BlackTeam "Tammer-Shakki"]
[WhiteFideId "4151984"]
[BlackFideId "504955"]
[EventDate "2016.11.06"]

1. e4 c6 2. d4 d5 3. e5 Bf5 4. Nf3 e6 5. Be2 Bb4+ 6. c3 Ba5 7. O-O Nd7 8. Nbd2
Bc7 9. Ne1 Ne7 10. b4 O-O 11. a4 f6 12. f4 a5 13. b5 c5 14. Ndf3 Kh8 15. Be3 c4
16. Nd2 Qe8 17. g4 Bg6 18. Ng2 Bf7 19. Qe1 Bg8 20. Bd1 fxe5 21. fxe5 Rxf1+ 22.
Nxf1 Qf7 23. Ra2 Rf8 24. h4 Bd8 25. h5 Nc8 26. Nh2 Be7 27. Nf3 Qe8 28. Nf4 Bf7
29. Rh2 h6 30. Bc2 Bd8 31. Qd2 Ne7 32. Nh4 Kg8 33. Bb1 1-0

[Event "32nd ECC Open 2016"]
[Site "Novi Sad SRB"]
[Date "2016.11.06"]
[Round "1.10"]
[Board "6"]
[White "Iivonen, Markku"]
[Black "Brodsky, Michail"]
[Result "1/2-1/2"]
[BlackTitle "GM"]
[WhiteElo "2052"]
[BlackElo "2523"]
[WhiteTeam "Tammer-Shakki"]
[BlackTeam "Zhiguli"]
[WhiteFideId "506940"]
[BlackFideId "14100932"]
[EventDate "2016.11.06"]

1. e4 c5 2. Nf3 d6 3. d4 Nf6 4. Nc3 cxd4 5. Nxd4 a6 6. Be2 e5 7. Nb3 Be7 8. Be3
Be6 9. O-O O-O 10. f4 exf4 11. Bxf4 Nc6 12. Kh1 d5 13. exd5 Nxd5 14. Nxd5 Bxd5
15. Bf3 Bxf3 16. Qxf3 Qd7 17. c3 Rad8 18. Qg3 Rfe8 19. Rae1 b5 20. h3 Bf8 21.
Kh2 a5 22. Rxe8 Rxe8 23. Re1 Rxe1 24. Qxe1 a4 25. Nd2 Ne7 26. Nf3 Qd5 27. Qe5
Qc4 28. Bg3 f6 29. Qb8 Nf5 30. Nd4 Nxg3 31. Kxg3 b4 32. Qb5 Qc7+ 33. Kf3 bxc3
34. bxc3 Qxc3+ 35. Ke4 Qe1+ 36. Kf3 Qc3+ 37. Ke4 Qe1+ 38. Kf3 Qe7 39. Qxa4 g6
40. Qb3+ Kh8 41. Ne6 Qd6 1/2-1/2

[Event "32nd ECC Open 2016"]
[Site "Novi Sad SRB"]
[Date "2016.11.06"]
[Round "1.11"]
[Board "1"]
[White "Kiik, Kalle"]
[Black "Artemiev, Vladislav"]
[Result "0-1"]
[WhiteTitle "IM"]
[BlackTitle "GM"]
[WhiteElo "2403"]
[BlackElo "2658"]
[WhiteTeam "Salon Shakkikerho"]
[BlackTeam "Ladya Kazan"]
[WhiteFideId "4500075"]
[BlackFideId "24101605"]
[EventDate "2016.11.06"]

1. e4 c5 2. c3 d6 3. d4 Nf6 4. Bd3 Qc7 5. Nf3 g6 6. h3 Bg7 7. O-O O-O 8. Bf4 Nh5
9. Bh2 Nd7 10. g4 Nhf6 11. e5 Ne8 12. Na3 a6 13. Nc4 b5 14. Be4 Ra7 15. exd6
exd6 16. Nxd6 Nxd6 17. dxc5 Nxe4 18. Bxc7 Rxc7 19. b4 Bb7 20. Rc1 Ne5 21. Nxe5
Bxe5 22. Qd3 Bf4 23. c4 Nd2 24. f3 Bc6 25. a4 Rd7 26. Qe2 Nxf1 27. Rxf1 Rd2 28.
Qe7 Re8 29. Qf6 Be3+ 30. Kh1 Re6 31. Qc3 Bf4 32. axb5 axb5 33. cxb5 Rh2+ 34. Kg1
Ree2 0-1

[Event "32nd ECC Open 2016"]
[Site "Novi Sad SRB"]
[Date "2016.11.06"]
[Round "1.11"]
[Board "3"]
[White "Jarvenpaa, Jari"]
[Black "Timofeev, Artyom"]
[Result "1/2-1/2"]
[WhiteTitle "FM"]
[BlackTitle "GM"]
[WhiteElo "2249"]
[BlackElo "2598"]
[WhiteTeam "Salon Shakkikerho"]
[BlackTeam "Ladya Kazan"]
[WhiteFideId "504220"]
[BlackFideId "4140419"]
[EventDate "2016.11.06"]

1. e4 e6 2. d4 d5 3. Nc3 dxe4 4. Nxe4 Nd7 5. g3 b6 6. Bg2 Rb8 7. Ne2 Bb7 8. O-O
Ngf6 9. N2c3 Be7 10. Bf4 O-O 11. Qd3 Nh5 12. Bc1 Nhf6 13. Bf4 Nh5 14. Bc1 Qc8
15. Rd1 Nhf6 16. Bf4 a6 17. Qe2 Re8 18. a4 Nd5 19. Nxd5 exd5 20. Nc3 Bd6 21. Qf3
Bxf4 22. Qxf4 c6 23. Bh3 Qd8 24. Qd6 Nf8 25. Qxd8 Rbxd8 26. a5 b5 27. Na2 Ne6
28. Bxe6 Rxe6 29. Re1 Rde8 30. Kf1 Kf8 1/2-1/2

[Event "32nd ECC Open 2016"]
[Site "Novi Sad SRB"]
[Date "2016.11.06"]
[Round "1.11"]
[Board "4"]
[White "Hasangatin, Ramil"]
[Black "Hynninen, Juha"]
[Result "1-0"]
[WhiteTitle "GM"]
[WhiteElo "2505"]
[BlackElo "2220"]
[WhiteTeam "Ladya Kazan"]
[BlackTeam "Salon Shakkikerho"]
[WhiteFideId "4122160"]
[BlackFideId "504289"]
[EventDate "2016.11.06"]

1. d4 Nf6 2. Bf4 d5 3. e3 e6 4. c4 a6 5. Nc3 c5 6. Nf3 Nc6 7. a3 dxc4 8. Bxc4 b5
9. Ba2 Bb7 10. O-O Be7 11. Rc1 cxd4 12. exd4 O-O 13. d5 exd5 14. Nxd5 Nxd5 15.
Bxd5 Na5 16. Bxb7 Nxb7 17. Rc7 Bd6 18. Rxb7 Bxf4 19. g3 Bd6 20. Qd5 Rb8 21. Rd1
Qf6 22. Rd7 Rbd8 23. Ne5 Bc7 24. Rd2 g6 25. Nxf7 Rxd7 26. Nh6+ Kg7 27. Qxd7+
Kxh6 28. Qxc7 Rf7 29. Qc1 Kg7 30. Qc5 h5 31. h4 Kh7 32. Rd6 Qxb2 33. Rxa6 Qb1+
34. Kh2 Qe1 35. Ra7 Rxa7 36. Qxa7+ Kg8 37. Qe3 Qf1 38. Qf3 Kg7 39. Qc3+ Kf7 40.
Qe3 Kf6 41. f3 Kg7 42. g4 hxg4 43. fxg4 Qd1 44. Qe7+ Kg8 45. Kg3 Qf1 46. Qe8+
Kg7 47. Qe3 Kg8 48. Qe6+ Kg7 49. Qe7+ Kg8 50. h5 gxh5 51. gxh5 Qf5 52. Qe2 Kh7
53. Qg4 Qe5+ 54. Kh3 Qe3+ 55. Qg3 Qe6+ 56. Kh4 Qf5 57. Qc7+ Kh6 58. Qd6+ Kh7 59.
Qd4 Qf7 60. Qd3+ Kh6 61. Qd6+ Kh7 62. Kg5 Qb3 63. Qe7+ Kh8 64. Kh6 1-0

[Event "32nd ECC Open 2016"]
[Site "Novi Sad SRB"]
[Date "2016.11.06"]
[Round "1.11"]
[Board "5"]
[White "Pihlajasalo, Hannu"]
[Black "Faizrakhmanov, Ramil"]
[Result "1/2-1/2"]
[BlackTitle "FM"]
[WhiteElo "2205"]
[BlackElo "2422"]
[WhiteTeam "Salon Shakkikerho"]
[BlackTeam "Ladya Kazan"]
[WhiteFideId "502456"]
[BlackFideId "24103209"]
[EventDate "2016.11.06"]

1. d4 Nf6 2. Nf3 e6 3. Bf4 c5 4. e3 Nc6 5. c3 d5 6. Nbd2 Bd6 7. Bg3 O-O 8. Bd3
b6 9. Ne5 Bb7 10. O-O Ne7 11. Bh4 Ng6 12. Bxg6 fxg6 13. f4 Qc7 14. Ndf3 c4 15.
Qc2 Ne4 16. g4 b5 17. a3 a5 18. Nd2 Nf6 19. Ndf3 b4 20. axb4 axb4 21. Rxa8 Bxa8
22. Ra1 b3 23. Qb1 Ne4 24. Ra6 Bb7 25. Ra7 Qc8 26. Qa1 Bb8 27. Ra5 Qc7 28. Ng5
Nxg5 29. Bxg5 Qc8 30. Be7 Re8 31. Rc5 Bxe5 32. Rxc8 Bxc8 33. Qa7 Bf6 34. Bxf6
gxf6 35. Qc7 f5 36. g5 e5 37. Qc6 Kf7 38. Qc7+ Kg8 39. Qc6 Kf7 40. fxe5 Be6 41.
h4 Re7 42. Qa8 Re8 43. Qa6 Re7 44. Kf2 Re8 45. Kg3 Re7 46. Kf4 Kg7 47. Qd6 Re8
48. Qc7+ Kg8 49. Qb7 Bf7 50. Qd7 Kg7 51. Qb7 1/2-1/2

[Event "32nd ECC Open 2016"]
[Site "Novi Sad SRB"]
[Date "2016.11.06"]
[Round "1.11"]
[Board "6"]
[White "Murtazin, Bulat"]
[Black "Kivijarvi, Juha"]
[Result "1-0"]
[WhiteTitle "FM"]
[WhiteElo "2384"]
[BlackElo "2193"]
[WhiteTeam "Ladya Kazan"]
[BlackTeam "Salon Shakkikerho"]
[WhiteFideId "24151351"]
[BlackFideId "503258"]
[EventDate "2016.11.06"]

1. d4 f5 2. Bf4 Nf6 3. e3 d5 4. c4 e6 5. Nc3 Be7 6. Qc2 c6 7. Bd3 O-O 8. Nge2 b6
9. O-O Ba6 10. cxd5 Bxd3 11. Qxd3 Nxd5 12. Rac1 Nxf4 13. Nxf4 Qd6 14. Qc4 Rf6
15. Nce2 Rh6 16. Ng3 Kh8 17. Nd3 g5 18. Ne5 Kg7 19. Nxc6 Nd7 20. Nxe7 Qxe7 21.
d5 Rf8 22. dxe6 Rxe6 23. Qd4+ Kg6 24. Qd1 Nf6 25. Qf3 Nd7 26. Rc7 a5 27. Qh5+
Kg7 28. h4 h6 29. hxg5 hxg5 30. Rd1 Rd6 31. Rxd6 Qxd6 32. Qxg5+ Kh8 33. Qh5+ Kg7
34. Ra7 Qe6 35. Qg5+ Kh8 36. Qh4+ Kg8 37. Nh5 Rf7 38. Ra8+ Nf8 39. Qg5+ Kh7 40.
Rxf8 1-0

[Event "32nd ECC Open 2016"]
[Site "Novi Sad SRB"]
[Date "2016.11.06"]
[Round "1.12"]
[Board "1"]
[White "Postny, Evgeny"]
[Black "Sylvan, Jacob"]
[Result "1-0"]
[WhiteTitle "GM"]
[BlackTitle "FM"]
[WhiteElo "2616"]
[BlackElo "2376"]
[WhiteTeam "Beer Sheva Chess Club"]
[BlackTeam "Skakklubben Nordkalotten"]
[WhiteFideId "2804344"]
[BlackFideId "1402137"]
[EventDate "2016.11.06"]

1. d4 Nf6 2. c4 g6 3. Nc3 Bg7 4. e4 d6 5. Nf3 O-O 6. h3 e5 7. d5 Nh5 8. g3 f5 9.
exf5 gxf5 10. Nh4 Nf6 11. Qc2 Na6 12. Bg5 Nb4 13. Qb1 e4 14. a3 Na6 15. Qc2 Nc5
16. O-O-O a5 17. Be2 c6 18. Ng2 Qb6 19. dxc6 bxc6 20. Rxd6 Nb3+ 21. Kb1 Nd4 22.
Be3 Ne8 23. Bxd4 Bxd4 24. Na4 Qa7 25. Rd8 c5 26. Rd1 Nc7 27. Rxf8+ Kxf8 28. Nc3
Rb8 29. Nb5 Nxb5 30. cxb5 a4 31. Qc1 Qg7 32. Nf4 Bd7 33. Qc2 Bxf2 34. Qxa4 Bxg3
35. Nh5 Qe5 36. Rxd7 1-0

[Event "32nd ECC Open 2016"]
[Site "Novi Sad SRB"]
[Date "2016.11.06"]
[Round "1.12"]
[Board "2"]
[White "Hove, Esben Kjems"]
[Black "Roiz, Michael"]
[Result "0-1"]
[WhiteTitle "FM"]
[BlackTitle "GM"]
[WhiteElo "2279"]
[BlackElo "2605"]
[WhiteTeam "Skakklubben Nordkalotten"]
[BlackTeam "Beer Sheva Chess Club"]
[WhiteFideId "1401505"]
[BlackFideId "2804158"]
[EventDate "2016.11.06"]

1. d4 Nf6 2. Bf4 g6 3. e3 Bg7 4. Nf3 O-O 5. h3 d6 6. Be2 c5 7. c3 Be6 8. O-O Qb6
9. b3 Nc6 10. Nfd2 cxd4 11. exd4 Nxd4 12. Bc4 d5 13. Be3 dxc4 14. Bxd4 Qc6 15.
Nxc4 Bxc4 16. bxc4 Qxc4 17. Qb3 Qc6 18. Re1 Nd5 19. Nd2 Bxd4 20. cxd4 Rac8 21.
Nf3 e6 22. Qa3 a6 23. Rac1 Qd7 24. Ne5 Qe7 25. Qf3 Rc7 26. Rxc7 Qxc7 27. Rb1 b5
28. Qa3 Nc3 29. Rb2 a5 30. Rc2 b4 31. Qb3 Rd8 32. Nf3 Rc8 33. a3 Qc4 34. Qxc4
Rxc4 35. axb4 axb4 36. Kf1 f6 37. Ke1 Kf7 38. Rb2 Ke7 39. Kd2 Nd5 40. g3 Kd6 41.
Rc2 Rxc2+ 42. Kxc2 Nc3 43. Nd2 Kc6 44. h4 Kb5 45. Kd3 f5 46. f3 Nd5 47. g4 Nf4+
48. Kc2 h5 49. gxh5 gxh5 0-1

[Event "32nd ECC Open 2016"]
[Site "Novi Sad SRB"]
[Date "2016.11.06"]
[Round "1.12"]
[Board "3"]
[White "Huzman, Alexander"]
[Black "Nielsen, Lars Aaes"]
[Result "1/2-1/2"]
[WhiteTitle "GM"]
[BlackTitle "FM"]
[WhiteElo "2567"]
[BlackElo "2241"]
[WhiteTeam "Beer Sheva Chess Club"]
[BlackTeam "Skakklubben Nordkalotten"]
[WhiteFideId "2803828"]
[BlackFideId "1401726"]
[EventDate "2016.11.06"]

1. Nf3 d5 2. d4 Nf6 3. c4 e6 4. Nc3 Be7 5. Bf4 O-O 6. e3 b6 7. cxd5 Nxd5 8. Nxd5
exd5 9. Bd3 c5 10. O-O Nc6 11. Qa4 Bd7 12. Bb5 Qe8 13. dxc5 bxc5 14. Qd1 Nb4 15.
Be2 Bb5 16. a3 Bxe2 17. Qxe2 Nc6 18. e4 dxe4 19. Qxe4 Bf6 20. Qc4 Nd4 21. Nxd4
cxd4 22. Rac1 Rc8 23. Qd3 Qe6 24. h3 h6 25. Rfe1 Rxc1 26. Rxc1 Re8 27. Kf1 Qe4
28. Qxe4 Rxe4 29. Bb8 d3 30. Rd1 Bxb2 31. Bxa7 Bxa3 1/2-1/2

[Event "32nd ECC Open 2016"]
[Site "Novi Sad SRB"]
[Date "2016.11.06"]
[Round "1.12"]
[Board "4"]
[White "Ejsing, Esben"]
[Black "Greenfeld, Alon"]
[Result "1-0"]
[BlackTitle "GM"]
[WhiteElo "2205"]
[BlackElo "2562"]
[WhiteTeam "Skakklubben Nordkalotten"]
[BlackTeam "Beer Sheva Chess Club"]
[WhiteFideId "1418572"]
[BlackFideId "2800039"]
[EventDate "2016.11.06"]

1. d4 Nf6 2. Nf3 c5 3. c3 g6 4. g3 Bg7 5. Bg2 O-O 6. O-O Na6 7. Re1 d5 8. a3 Bf5
9. Nh4 Bd7 10. b4 cxd4 11. cxd4 Ne4 12. Bb2 Rc8 13. Bxe4 dxe4 14. Nc3 e5 15. d5
e3 16. f3 e4 17. Rc1 f5 18. f4 Rf7 19. Ng2 Qb6 20. Ba1 Nc7 21. Kf1 Ne8 22. Qb3
Nd6 23. Na4 Bxa4 24. Rxc8+ Nxc8 25. Qxa4 Nd6 26. Bxg7 Kxg7 27. Rc1 Rc7 28. Rxc7+
Qxc7 29. Nxe3 b5 30. Qa6 Kf7 31. Ke1 Qc3+ 32. Kf2 Qc7 33. a4 bxa4 34. Qxa4 Qb7
35. Qa5 Qb6 36. Qc5 h5 37. h4 Ke7 38. Qc3 Kf7 39. Ke1 Ke8 40. Kd2 Kd7 41. Qc5
Qa6 42. Nc2 Nc4+ 43. Kc3 Nb6 44. Qc6+ Kd8 45. Kd4 Qxe2 46. Ke5 Qc4 47. Qxc4
Nxc4+ 48. Kf6 e3 49. Kxg6 e2 50. Kxh5 Ne3 51. Ne1 Nxd5 52. Kg6 Ke7 53. h5 Kf8
54. b5 Nc7 55. h6 Kg8 56. Nd3 Ne6 57. Kxf5 Nc5 58. Ne1 Kh7 59. Ke5 Kxh6 60. g4
Kg6 61. Kd4 Ne6+ 62. Ke3 Nc7 63. b6 Nd5+ 64. Kxe2 Nxb6 65. Kd3 Nd5 66. Ke4 Nf6+
67. Kf3 a5 68. Nc2 a4 69. Na3 Nd5 70. Ke4 Nf6+ 71. Kf3 Nd5 72. Ke4 Nf6+ 73. Kf3
Nd5 74. Ke4 1-0